000 00759cab a2200229 4500
001 ABS42424
008 090401t1990 xxu||||| |||| 00| 0 eng d
035 _a(Sirsi) u36707
041 _aeng
100 _aBingham, T.
245 _aLiquidators call the tune on unsuspecting directors
260 _c1990
350 _a0
490 _aBuilding
_v255(7639) 16 March 1990, 47(1)
520 _aDiscusses the new powers of liquidators to force directors of companies that go into liquidation to pay creditors out of their own pockets.
650 _aCOMPANY DIRECTORS DISQUALIFICATION ACT
650 _aINSOLVENCY ACT 1986
650 _aLIABILITY
690 _aMANAGEMENT-BUSINESS MANAGEMENT-PROFESSIONAL PRACTICE
942 _n0
948 _c04/03/1997
999 _c23765
_d23765